Из истории философской и общественно-политической мысли стран Центральной и Восточной Азии: сборник статей; Влияние праджняпарамитских идей на философию буддизма махаяны; Философско-психологические основы решения экологических проблем в буддизме; Проблема истинного в китайском буддизме; Мировосприятие древних бурят; Роль буддийского фактора в мировоззрении бурятской народнической интеллигенции; Отражение древнемонгольского мировоззрения в устном народном творчестве; Зухрай в истории монгольской культуры; Некоторые заметки об изначальной гармонии, кочевой культуре и искусстве; Философские взгляды Д. Данзанрабжи; Идейное содержание культа учителя; Классификация первоисточников монгольской философской и общественно-политической мысли
| Tác giả khác: | |
|---|---|
| Ngôn ngữ: | Tiếng Nga |
| Được phát hành: |
Улан-Удэ, БНЦ СО РАН, 1995
|
| TOC: | С. Ю. Лепехов, Влияние праджняпарамитских идей на философию буддизма махаяны; А. И. Железнов, С. П. Нестеркин, Философско-психологические основы решения экологических проблем в буддизме; Л. Е. Янгутов, Проблема истинного в китайском буддизме; Е. Г. Хилтухина, Мировосприятие древних бурят; Ю. С. Ширапов, Роль буддийского фактора в мировоззрении бурятской народнической интеллигенции; Ч. Жугдэр, Отражение древнемонгольского мировоззрения в устном народном творчестве; Э. Ч. Хамаганова, Зухрай в истории монгольской культуры; Н. Сарантуя, Некоторые заметки об изначальной гармонии, кочевой культуре и искусстве; Г. Лхагвасурэн, Философские взгляды Д. Данзанрабжи; О. Чимэг, Идейное содержание культа учителя; М. Гантуяа, Д. Цогтсайхан, Классификация первоисточников монгольской философской и общественно-политической мысли; |
| Những chủ đề: | |
| Định dạng: | Sách |
| KOHA link: | https://koha.lib.tpu.ru/cgi-bin/koha/opac-detail.pl?biblionumber=6232 |
MARC
| LEADER | 00000nam0a2200000 4500 | ||
|---|---|---|---|
| 001 | 6232 | ||
| 005 | 20231101204453.0 | ||
| 010 | |a 576231040X | ||
| 035 | |a (RuTPU)RU\TPU\book\6263 | ||
| 035 | |a BOOK00006319 | ||
| 090 | |a 6232 | ||
| 100 | |a 20011209d1995 km y0rusy50 ca | ||
| 101 | 0 | |a rus | |
| 102 | |a RU | ||
| 105 | |a y z 000zy | ||
| 200 | 1 | |a Из истории философской и общественно-политической мысли стран Центральной и Восточной Азии |e сборник статей |f под ред. Л. Е. Янгутова | |
| 210 | |a Улан-Удэ |c БНЦ СО РАН |d 1995 | ||
| 215 | |a 143 с. | ||
| 464 | |t Влияние праджняпарамитских идей на философию буддизма махаяны |f С. Ю. Лепехов | ||
| 464 | |t Философско-психологические основы решения экологических проблем в буддизме |f А. И. Железнов, С. П. Нестеркин | ||
| 464 | |t Проблема истинного в китайском буддизме |f Л. Е. Янгутов | ||
| 464 | |t Мировосприятие древних бурят |f Е. Г. Хилтухина | ||
| 464 | |t Роль буддийского фактора в мировоззрении бурятской народнической интеллигенции |f Ю. С. Ширапов | ||
| 464 | |t Отражение древнемонгольского мировоззрения в устном народном творчестве |f Ч. Жугдэр | ||
| 464 | |t Зухрай в истории монгольской культуры |f Э. Ч. Хамаганова | ||
| 464 | |t Некоторые заметки об изначальной гармонии, кочевой культуре и искусстве |f Н. Сарантуя | ||
| 464 | |t Философские взгляды Д. Данзанрабжи |f Г. Лхагвасурэн | ||
| 464 | |t Идейное содержание культа учителя |f О. Чимэг | ||
| 464 | |t Классификация первоисточников монгольской философской и общественно-политической мысли |f М. Гантуяа, Д. Цогтсайхан | ||
| 606 | |a Философия народов Востока |2 stltpush |3 (RuTPU)RU\TPU\subj\63887 |9 80819 | ||
| 606 | |a Азия |x История |2 stltpush |3 (RuTPU)RU\TPU\subj\68948 |9 84005 | ||
| 610 | 1 | |a Восточная Азия | |
| 610 | 1 | |a Центральная Азия | |
| 610 | 1 | |a общественно-политическая мысль | |
| 610 | 1 | |a история | |
| 686 | |a Ю3(5) |v LBC/SL-A |2 rubbk | ||
| 686 | |a Т3(5) |v LBC/SL-A |2 rubbk | ||
| 702 | 1 | |a Янгутов |b Л. Е. |4 340 | |
| 801 | 0 | |a RU |b 63413507 |c 20011209 |g PSBO | |
| 801 | 2 | |a RU |b 63413507 |c 20180412 |g PSBO | |
| 942 | |c BK | ||